| 000 | 00477nam a22001817a 4500 | ||
|---|---|---|---|
| 003 | OSt | ||
| 005 | 20180116183051.0 | ||
| 008 | 160815b xxu||||| |||| 00| 0 eng d | ||
| 020 | _a0 | ||
| 040 | _c0 | ||
| 082 | _a658.80095 KET 2003 | ||
| 100 | _aDavid Ketchum | ||
| 245 |
_aBig M Little m Marketing _bNew Strategies for a New Asia _c David Ketchum |
||
| 260 |
_aSingapore _bWiley _c2003 |
||
| 300 |
_a220 p. _bHB |
||
| 440 | _aBig M Little m Marketing | ||
| 942 |
_2ddc _cBK |
||
| 999 |
_c351638 _d351638 |
||